000 00477nam a2200169Ia 4500
005 20250320041252.0
008 240331s9999 xx 000 0 und d
020 _a0803947542
082 _a302.2
_bRIE
_22214
100 _aRiessman, C. K
245 0 _aNarrative Analysis:
_bQualitative Research Methods
260 _aCalifornia;
_aLondon;
_aNew Delhi,
_bSAGE Publications
_c1993
300 _avii, 80 p., (Volume 30)
650 _aNarrative
650 _aPsychology
942 _cL
999 _c1089
_d1089